Statystyki dla 11 kolorów - Sprint

Kliknij tutaj aby rozwiązać quiz!

Ogólne statystyki

  • Ten quiz został rozwiązany 374 razy
  • Średni wynik to 9 z 11

Statystyki odpowiedzi

WskazówkaNazwa koloru% Poprawnych
Czarny
99%
Czerwony
93%
Różowy
93%
Niebieski
92%
Szary
87%
Biały
85%
Pomarańczowy
78%
Żółty
70%
Zielony
68%
Fioletowy
60%
Brązowy
41%

Rozkład punktacji

Percentyl według liczby udzielonych odpowiedzi

Procent ludzi z każdym wynikiem

Twoja historia wyników

Nie rozwiązałeś tego quizu